| 000 | 03876cam a22012494i 4500 | ||
|---|---|---|---|
| 003 | PE-LiUPU | ||
| 005 | 20250813185528.0 | ||
| 008 | 150625s r 000 0 d | ||
| 020 | _a9876080091 | ||
| 035 | _a(Sirsi) i9789876080095 | ||
| 040 |
_aPE-LiUPU _bspa _cPE-LiUPU _erda |
||
| 049 | _aPRUA | ||
| 082 | 0 | 4 |
_a372.4 _bN25 _221 |
| 100 | 1 |
_aNarvarte, Mariana E., _eautor. |
|
| 245 | 1 | 0 |
_aLectoescritura : _baprendizaje integral / _cMariana E. Narvarte. |
| 264 | 1 |
_aBuenos Aires : _bLandeira Ediciones, _c2007. |
|
| 300 |
_a448 páginas : _bilustraciones, col. ; _c26 centímetros |
||
| 300 | _aCD | ||
| 336 |
_atext _2rdacontent |
||
| 337 |
_aunmediated _2rdamedia |
||
| 338 |
_avolume _2rdacarrier |
||
| 505 | 0 | _aAntecedentes del Currículo de matemáticas -- Revisión teórica sobre la noción de currículo -- Cultura, educación matemática y currículo -- Concepto de currículo desde la educación matemática -- Investigación, diseño y desarrollo curriculares -- Fines de la educación matemáticas y proyectos curriculares -- Dimensiones y componentes de la noción de currículo. | |
| 526 | _aP202 | ||
| 526 | _aP201 | ||
| 526 | _aP163 | ||
| 526 | _aP162 | ||
| 526 | _aP161 | ||
| 526 | _aP160 | ||
| 526 | _aP148 | ||
| 526 | _aP147 | ||
| 526 | _aP146 | ||
| 526 | _aP145 | ||
| 526 | _aP144 | ||
| 526 | _aP143 | ||
| 526 | _aP142 | ||
| 526 | _aP141 | ||
| 526 | _aP140 | ||
| 526 | _aP139 | ||
| 526 | _aP138 | ||
| 526 | _aP137 | ||
| 526 | _aP136 | ||
| 526 | _aP135 | ||
| 526 | _aP134 | ||
| 526 | _aP133 | ||
| 526 | _aP129 | ||
| 526 | _aP128 | ||
| 526 | _aP127 | ||
| 526 | _aP120 | ||
| 526 | _aP119 | ||
| 526 | _aP118 | ||
| 526 | _aP116 | ||
| 526 | _aP115 | ||
| 526 | _aP114 | ||
| 526 | _aP110 | ||
| 526 | _aP109 | ||
| 526 | _aP108 | ||
| 526 | _aP104 | ||
| 526 | _aP103 | ||
| 526 | _aP102 | ||
| 526 | _aP99 | ||
| 526 | _aP98 | ||
| 526 | _aP97 | ||
| 526 | _aP96 | ||
| 526 | _aP95 | ||
| 526 | _aP93 | ||
| 526 | _aP90 | ||
| 526 | _aP89 | ||
| 526 | _aP88 | ||
| 526 | _aP83 | ||
| 526 | _aP82 | ||
| 526 | _aP62 | ||
| 526 | _aP59 | ||
| 526 | _aP58 | ||
| 526 | _aP57 | ||
| 526 | _aP51 | ||
| 526 | _aP49 | ||
| 526 | _aP48 | ||
| 526 | _aP47 | ||
| 526 | _aP29 | ||
| 526 | _aP24 | ||
| 526 | _aP20 | ||
| 526 | _aP19 | ||
| 526 | _aP17 | ||
| 526 | _aP15 | ||
| 526 | _aP14 | ||
| 526 | _aP12 | ||
| 526 | _aP10 | ||
| 526 | _aP09 | ||
| 526 | _aP08 | ||
| 526 | _aP07 | ||
| 526 | _aP06 | ||
| 526 | _aP05 | ||
| 526 | _aP04 | ||
| 526 | _aP01 | ||
| 541 | _g001-027184; | ||
| 650 | 0 | 4 |
_aEscritura _xEstudio y enseñanza (Primaria). |
| 650 | 0 | 4 | _aLectura (Elemental). |
| 942 |
_2ddc _cBOOK |
||
| 949 |
_a372.4 N25 _wDEWEY _c1 _i57601 _d2016-4-11 _e2016-4-8 _lCCODEBUL1 _mBUL _n1 _p29.00 _r0 _sY _tBOOK _u2015-6-25 _xEDUCACION _PP20 _0COMPRA _o.STAFF. Colección General |
||
| 949 |
_a372.4 N29 2007 _wDEWEY _c1 _iFJ05089 _lCCODEBUJ1 _mBUJ _p30.00 _r0 _sY _tBOOK _u2015-10-7 _xEDUCACION _PP20 _0COMPRA _o.STAFF. Colección General |
||
| 949 |
_a372.4 N29 2007 _wDEWEY _c2 _iFJ05090 _lCCODEBUJ1 _mBUJ _p30.00 _r0 _sY _tBOOK _u2015-10-7 _xEDUCACION _PP20 _0COMPRA _o.STAFF. Colección General |
||
| 994 |
_aC0 _bPEPRU |
||
| 596 | _a1 3 | ||
| 999 |
_a372.4 N25 _wDEWEY _c46621 _i57601 _d46621 _e2017-9-27 _f2021-11-8 _g5 _lCCODEBUL1 _mBUL _n2 _p29.00 _r0 _sY _tBOOK _u2015-6-25 _xEDUCACION _PP20 _0COMPRA _o.STAFF. Colección General |
||
| 999 |
_a372.4 N29 _wDEWEY _c1 _iFJ05089 _d2019-4-2 _e2018-4-16 _f2022-1-18 _g3 _lCCODEBUJ1 _mBUJ _n2 _p30.00 _q2 _r0 _sY _tBOOK _u2015-10-7 _xEDUCACION _PP20 _0COMPRA _o.STAFF. Colección General |
||
| 999 |
_a372.4 N29 _wDEWEY _c2 _iFJ05090 _e2017-3-31 _f2022-1-18 _g3 _lCCODEBUJ1 _mBUJ _n1 _p30.00 _r0 _sY _tBOOK _u2015-10-7 _xEDUCACION _PP20 _0COMPRA _o.STAFF. Colección General |
||
| 980 |
_81 _gALBERTO SANCHEZ Responsable de Automatización |
||